kku e-library facility

Fundamentals of Electric Circuits; (Record no. 224)

MARC details
000 -LEADER
fixed length control field 00455nam a22001457a 4500
005 - DATE AND TIME OF LATEST TRANSACTION
control field 20260415124117.0
008 - FIXED-LENGTH DATA ELEMENTS--GENERAL INFORMATION
fixed length control field 260415b |||||||| |||| 00| 0 eng d
020 ## - INTERNATIONAL STANDARD BOOK NUMBER
International Standard Book Number 978-007-127238-4
100 ## - MAIN ENTRY--PERSONAL NAME
Personal name Alexander K. Charles, Sadiku O. N. Matthew
245 ## - TITLE STATEMENT
Title Fundamentals of Electric Circuits;
Statement of responsibility, etc. /Charles and Matthew
250 ## - EDITION STATEMENT
Edition statement 4th Edition
260 ## - PUBLICATION, DISTRIBUTION, ETC.
Place of publication, distribution, etc. New York
Name of publisher, distributor, etc. Mc Graw- Hill Companies. Inc.;
Date of publication, distribution, etc. 2009
300 ## - PHYSICAL DESCRIPTION
Extent xxviii;901p.ill;
Dimensions 25cm
942 ## - ADDED ENTRY ELEMENTS (KOHA)
Source of classification or shelving scheme Library of Congress Classification
Suppress in OPAC No
Koha item type Books

No items available.

©2025 All rights reserved. KKU